000 01017cam a2200301 i 4500
650 7 _97841
_aSosyologlar
_zTürkiye
_2etuturkob
650 0 _942549
_aSociologists
_zTurkey
999 _c200429854
_d47780
001 76920
003 TR-AnTOB
005 20190408212751.0
008 121009m20031982tu 000 0 d
020 _a9751404029
040 _aTR-AnTOB
_beng
_erda
_cTR-AnTOB
041 0 _atur
050 _aHM22.T82
090 _aHM22.T82
_bK665 2003
100 1 _aKongar, Emre
_eauthor
_96368
245 0 _aTürk toplum bilimcileri 1 /
_cEmre Kongar.
264 1 _aİstanbul :
_bRemzi Kitabevi,
_c2003.
300 _a467 pages ;
_c23 cm
336 _atext
_2rdacontent
337 _aunmediated
_2rdamedia
338 _avolume
_2rdacarrier
504 _aIncludes bibliographical references.
505 _aZiya Gökalp - Prens Sabahattin - Hilmi Ziya Ülken - İbrahim Yasa - Niyazi Berkes - Nurettin Şazi Kösemihal - Cahit Tanyol - Cavit Orhan Tütengil - Mübeccel Belik Kıray.
942 _cBK
_2lcc